|
|
|
|
| LEADER |
01447nam a22002777a 4500 |
| 001 |
34214 |
| 003 |
BD-DhAAL |
| 005 |
20211125115827.0 |
| 008 |
190124t2007 bg ||||| b|||f00| 0 eng d |
| 999 |
|
|
|c 40390
|d 40390
|
| 040 |
|
|
|a BD-DhAAL
|
| 082 |
|
|
|a 346.5492044
|2 23
|
| 245 |
|
|
|a The state acquisition and tenancy Act, 1950 /
|c Ministry of Law and Land Reforms, Law and Parliamentary Affairs Division, Government of the People's Republic of Bangladesh
|
| 260 |
|
|
|a Dhaka :
|b Deputy Controller, Govt. Print. Press,
|c 2007
|
| 300 |
|
|
|a 160 pages :
|b 24 cm.
|
| 500 |
|
|
|a [As modified up to 2007]
|
| 504 |
|
|
|a Includes bibliographical references.
|
| 526 |
|
|
|a SOL
|
| 541 |
|
|
|a Development Book Agency
|e 34214, 34215
|
| 650 |
|
|
|a Land reform
|x Law and legislation
|z Bangladesh
|9 29787
|
| 650 |
|
|
|a Law.
|9 43166
|
| 710 |
|
|
|a Government of the People's Republic of Bangladesh,
|b Law and Parliamentary Affairs Division,
|b Ministry of Law and Land Reforms
|9 29788
|
| 852 |
|
|
|a Ayesha Abed Library
|c General Stacks
|
| 942 |
|
|
|2 ddc
|c BK
|
| 952 |
|
|
|0 0
|1 0
|2 ddc
|4 0
|6 346_549204400000000_STA
|7 0
|9 64917
|a BRACUL
|b BRACUL
|c GEN
|d 2019-01-06
|e Development Book Agency
|g 350.00
|l 2
|m 1
|o 346.5492044 STA
|p 3010034214
|r 2022-09-11
|s 2022-08-31
|t 1
|v 350.00
|w 2019-01-06
|y BK
|
| 952 |
|
|
|0 0
|1 0
|2 ddc
|4 0
|6 346_549204400000000_STA
|7 0
|9 64918
|a BRACUL
|b BRACUL
|c GEN
|d 2019-01-06
|e Development Book Agency
|g 350.00
|l 1
|m 7
|o 346.5492044 STA
|p 3010034215
|r 2022-09-07
|s 2022-07-18
|t 2
|v 350.00
|w 2019-01-06
|y BK
|